Регионална библиотека "Любен Каравелов" - Русе

Де е роден Христо Ботйов ? (Запис номер 342104)

MARC детайли
000 -Лидер
Контролно поле с фиксирана дължина 01045nam a2200277 c 4500
003 - Код на организацията, давaща контролен номер
Контролно поле BLK
005 - Дата и час на последна редакция
Контролно поле 20230127115301.0
008 - Елементи от данни с фиксирана дължина
fixed length control field 180911b bul|||||r ||||||| ||bul||
010 ## - Наследен системен номер
LC control number 001741
040 ## - Източник на каталожния запис
Идентификатор на билиотеката - собственик на записа BLK
041 ## - Код за език
Код за езика на текст/звукозапис или на отделно заглавие Български
Код за езика КДБФ Български
080 ## - УДК
Текстов определител УДК Ботев, Христо
УДК определител 92
УДК - код + определител 949.72.04.22(092)92
100 ## - Редна дума - Автор
Автор Начов, Никола Енев
Авторска отговорност първи автор
R(LIN) 280231
245 00 - Сведения за заглавието
Заглавие Де е роден Христо Ботйов ?
260 ## - Област на издателските данни
Място на издаване, разпространение и проч. София
Име на издателя, разпространителя и проч. Факел
Година на издаване 1933
Печатница Б. А. Кожухаров
300 ## - Физическа характеристика
Страници 19 с
Размери/Мащаб 23 см
380 ## - Жанр
Жанр История
490 ## - СЕРИИ (Колекции)
Име на серия Калоферска благотворителна и културно-просветна дружба
490 ## - СЕРИИ (Колекции)
Име на серия Частна колекция - Академик Михаил Арнаудов
Бележки за серията Дарение - Основен фонд
500 ## - Общи забележки
Забележка Автограф с текст: Г-н професор М. Арнаудов тук
650 ## - Допълнително описание по предмет – тема
Основно описание – тема или топоним Биографии
9 (RLIN) 148657
655 ## - Ключова дума – жанр/разновидност
Данни за жанр/разновидност или ключова дума за фокус българска история
700 1# - Други автори (авторска отговорност)
Лично име Н. Начов
9 (RLIN) 396795
852 ## - Местоположение
Форматна сигнатура МА 260
Фондова буква Фонд "Михаил Арнаудов"
856 ## - Електронен адрес и достъп
Инструкция (цена за достъп) 0.00
Права за достъп disable
999 ## - СИСТЕМНИ КОНТРОЛНИ НОМЕРА
Koha biblionumber 342104
Koha biblioitemnumber 342104
942 ## - АРТИКУЛИ
Вид на библиотечния материал Книги
Скрит в OPAC Не
Периодичен библиозапис Да
944 ## - СЪЗДАВАНЕ И РЕДАКЦИЯ на ЗАПИСА
Създаване/Редакция Създаване
Дата на регистрацията/редакция 1995
Служител, извършил регистрацията/редакцията ValK
999 ## - СИСТЕМНИ КОНТРОЛНИ НОМЕРА
Koha biblioitemnumber 342104
999 ## - СИСТЕМНИ КОНТРОЛНИ НОМЕРА
Koha biblioitemnumber 342104
999 ## - СИСТЕМНИ КОНТРОЛНИ НОМЕРА
Koha biblioitemnumber 342104
Наличности
Код за отписване Код за изгубен артикул Източник на класификационната схема Код за повреда Коз за рестрикции Код за отдаване Артикулен № Име на библиотеката - собственик Име на библиотеката, в която се намира в момента Статус (Текущо местоположение) Местоположение - отдел Цена в лева Номерация (Хронология) Инвентарен номер Систематично азбучна сигнатура Баркод Номер на екземпляра Цена в евро Служебен тип на артикула
  Не е изгубен Universal Decimal Classification Не е повреден само за читалня Специални фондове ( старопечатни, редки и ценни, фонд М. Арнаудов) 742145 Регионална библиотека "Любен Каравелов" Русе Регионална библиотека "Любен Каравелов" Русе Фонд "Михаил Арнаудов" Фонд "Михаил Арнаудов" 0.20 Автограф: Н. Начов 345150 МА 260 120000345150 1 0.10 Книги
Vip Innovations Ltd, Rousse, Bulgaria 2025